000
00193 a2200097 4500
001
22607
100
_a
Hornung, J L
245
_a
Radar Primer
260
_a
_b
Mc Graw
_c
090
_c
15263
_d
15263
942
_a
NUST-CAE
_c
M
_c
5851
999
_c
257680
_d
257680